| 000 | 01351nam0a22003011 4500 | ||
|---|---|---|---|
| 001 | rc\4091068 | ||
| 005 | 20250611085404.0 | ||
| 021 |
_aRU _b[47-4436] |
||
| 035 | _a(NLR Aleph) 008132368 | ||
| 090 |
_a9432061 _c9432061 |
||
| 100 | _a20130415d1946 |||y0rusy50 ca | ||
| 101 | 0 | _arus | |
| 102 | _aRU | ||
| 105 | _aa z ||||| | ||
| 200 | 1 |
_aКлиника и оперативное лечение высоких (III и IV) степеней отморожения _f[Предисл. проф. С. Гирголав: с. 5-6 |
|
| 210 |
_aЛенинград] _cМедгиз. Ленингр. отд-ние _d1946 _gТип. "Печ. двор" |
||
| 215 |
_a140 с. _cил. _d21 |
||
| 300 | _aПеред загл. авт.: В.С. Гамов | ||
| 320 | _aЛитература (в дополнение к привед. в монографии Арьева, а также вышедшая после 1939 г.): с. 133-140 (200 назв.) | ||
| 606 |
_aОтморожение _xХирургия _2psbo |
||
| 700 | 1 |
_aГамов _bВ.С. _f1905-1969 _gВалентин Сергеевич |
|
| 702 | 1 |
_4080 _7ca _8rus _aГирголав _bС. С. _f1881-1957 _gСемён Семёнович _9227271 _3RU\NLR\AUTH\770227327 |
|
| 801 | 0 |
_aRU _bNLR _gpsbo |
|
| 801 | 1 |
_aRU _bELAR _2rusmarc |
|
| 852 |
_aNLR _jМд40 Г-3/63 |
||
| 942 | _cBOOK | ||
| 980 | _aNB | ||